| 000 | 00800nam a22002177a 4500 | ||
|---|---|---|---|
| 999 |
_c19663 _d19663 |
||
| 003 | AR-CdUCM | ||
| 008 | 190513b ||||| |||| 00| 0 spa d | ||
| 040 |
_aMUNICIPALIDAD PROVINCIAL DEL CUSCO _cBIBLIOTECA MUNICIPAL DEL CUSCO |
||
| 082 |
_a378.55 / _bB16 |
||
| 100 |
_aBaker, Harry J. _938709 |
||
| 245 |
_aIntroducción al estudio de los niños sub y superdotados : _bI / |
||
| 260 |
_aBuenos Aires : _bKapelusz, _c1950. |
||
| 300 |
_a210 paginas ; _c20 cm. |
||
| 505 | _aContenido: Introducción a la materia -- Problemas generales de la educación -- Educación y democracia... | ||
| 650 |
_aAprendizaje _92143 |
||
| 650 |
_aProblemas en la educación _941139 |
||
| 650 |
_aDeficiente físicos en niños _941140 |
||
| 700 |
_aGhioldi, Alfredo M _938710 |
||
| 942 |
_2ddc _cLIBROS |
||
| 945 | _arcc | ||